000
00218 a2200097 4500
001
46312
100
_a
Motamar,
245
_a
World Muslim Gazetteer
260
_a
Karachi
_b
Umma Publish House
_c
090
_c
29430
_d
29430
942
_a
NUST-CAE
_c
M
_c
21592
999
_c
281385
_d
281385